01388nam a2200193Ia 450000500170000000800410001704000440005804100080010208200140011010000390012424500680016326000550023130000350028649000390032150006550036050501350101550600210115065000230117120240118142728.0130821s1936 ck fr ddspa  aCo-BoUCMbspacSandra YazodSandra Yazo00aspa04a862.52201 aAlvarez Lleras, Antoniod1892-195610aVíboras sociales. Fuego Extraño. cAntonio Álvarez Lleras aBogotá (Colombia)bEditorial Minerva S. A.c1936 a270, [1] páginasc18 x 14 cm 0aBiblioteca Aldeana de Colombiav98 aDetalles físicos: Sin encuadernación original. Actualmente: Encuadernación rígida (holandesa) en cartón forrado en papel jaspeado en tono azul. Lomo de tela, con letras y líneas decorativas en dorado. Cortes decorados (jaspeado azul). Guardas. Hoja de cortesía. Portada impresa en una sola tinta. Grabado con el emblema de la Colección. Texto impreso en una sola columna, con diferentes tipos y tamaños de letra. Notas de pie de página. Papel oxidado en bordes de las hojas. En la encuadernación (lomo) se indica una numeración (98). Colección Aldeana de Colombia es una selección de Samper Ortega de Literatura Colombiana0 aAntonio Álvarez Lleras -- Víboras sociales, drama en tres actos y en prosa ; El fuego extraño, comedia en tres actos y prosa aConsulta en sala 7aTeatro colombiano